| 000 | 00743nam a2200229 a 4500 | ||
|---|---|---|---|
| 001 | 62053 | ||
| 005 | 20180714063931.0 | ||
| 008 | 150209s2009 ag 000 0 spa d | ||
| 020 | _a978-950-518-387-6 | ||
| 082 | 0 |
_a190 _bBAC |
|
| 100 | 1 |
_aBachelard, Gaston, _eautor |
|
| 245 | 1 | 3 |
_aLa filosofía del no : _bensayo de una filosofía del nuevo espíritu científico / _cGaston Bachelard. |
| 250 | _aSegunda edición | ||
| 264 | 1 |
_aArgentina : _bAmorrortu, _c2009 |
|
| 300 |
_a144 páginas ; _c20 cm. |
||
| 336 |
_atexto _2rdacontent |
||
| 337 |
_asinmediación _2rdamedia |
||
| 338 |
_avolumen _2rdacarrier |
||
| 490 | 0 | _aBiblioteca de filosofía | |
| 650 | 0 | _aFilosofía | |
| 700 | 1 |
_aLabrume, Noemí Fiorito, _etraductor |
|
| 999 |
_c62053 _d62053 |
||